Les joueurs sur le podium du Ballon d'Or quand ils jouaient en France - Statistiques

Statistiques générales
  • Ce quiz a été pris 240 fois
  • Le résultat moyen est 8 sur 10
Statistiques - réponses
Nombre de podiums 1er 2ème 3ème Année(s) Club(s) Joueurs % Correct
2 2 0 0 2021, 2023 (FC Barcelone) Paris SG (Inter Miami CF) Lionel Messi
100%
1 0 0 1 2023 Paris SG Kylian Mbappé
96%
1 0 0 1 2017 (FC Barcelone) Paris SG Neymar
91%
1 1 0 0 1991 Olympique de Marseille Jean-Pierre Papin
87%
2 0 0 2 1977, 1980 AS Nancy-Lorraine, AS Saint-Étienne Michel Platini
85%
1 0 1 0 1959 Stade de Reims Raymond Kopa
77%
1 1 0 0 1995 Paris SG (AC Milan) George Weah
64%
1 0 0 1 1958 Stade de Reims Just Fontaine
62%
1 0 1 0 1982 Girondins de Bordeaux Alain Giresse
53%
1 0 1 0 1984 Girondins de Bordeaux Jean Tigana
42%
Aucun quiz correspondant
Distribution des résultats
% des personnes avec chaque résultat
Percentile par nombre de réponses
Votre historique - résultats
Vous n’avez pas pris ce quiz